Leadership in nonprofit organizations
| Main Author: | |
|---|---|
| Other Authors: | |
| Format: | Book |
| Published: |
California :
Sage Publications, Inc ,
2005
|
| Subjects: |
MARC
| LEADER | 00000cam a2200000 7i4500 | ||
|---|---|---|---|
| 001 | 0000096481 | ||
| 005 | 20060213.0 | ||
| 020 | |a 076192924X | ||
| 090 | 0 | 0 | |a 658.4092 |b DYM |
| 100 | 1 | |a Dym, Barry | |
| 245 | 1 | 0 | |a Leadership in nonprofit organizations |c Barry Dym and Harry Hutson |
| 260 | |a California : |b Sage Publications, Inc , |c 2005 | ||
| 300 | |a 235 p. ; |c 23 cm. | ||
| 650 | 0 | 0 | |a Leardership |
| 650 | 0 | 0 | |a Nonprofit organizations |x Management |
| 700 | 1 | |a Hutson, Harry | |
| 999 | |a 00188689 |b BUKU |c PINJAMAN |e PERPUSTAKAAN KOMUNITI PETALING JAYA | ||